Animals By Picture - Wild Cats - Statistics

General Stats
  • This quiz has been taken 2,407 times
  • The average score is 9 of 15
Answer Stats
Picture Answer % Correct
Lion
100%
Tiger
100%
Leopard
94%
Bobcat (Lynx)
91%
Cheetah
89%
Cougar
88%
Jaguar
86%
Snow Leopard
66%
Ocelot
53%
Caracal
39%
Serval
39%
Clouded Leopard
31%
Pallas Cat
19%
Fishing Cat
16%
Jungle Cat
9%
No matching quizzes found
Score Distribution
Percent of People with Each Score
Percentile by Number Answered
Your Score History
You have not taken this quiz